| 000 | 00556nam a2200181Ia 4500 | ||
|---|---|---|---|
| 008 | 240925s9999 xx 000 0 und d | ||
| 020 | _a9789332585744 | ||
| 082 | _a001.422 LEV | ||
| 100 | _aLevine, David M.; Stephan, David F. | ||
| 245 | 0 | _aStatistics for Managers: using microsoft excel | |
| 250 | _a8th | ||
| 260 |
_aUttar Pradesh: _bPearson Education Inc _c,2017. |
||
| 300 |
_axxiii, 836p. _b0 _fOriginal |
||
| 500 | _aIncludes Index | ||
| 600 | _aEngineering Technology | ||
| 650 | _aComputer science, information & general works | ||
| 942 | _cBK | ||
| 999 |
_c16634 _d16634 |
||